.افکار عبدالحق / Afkār-i ʻAbdulḥaq / (Record no. 83369)
[ view plain ]
| 000 -LEADER | |
|---|---|
| fixed length control field | 00778cam a22002531a 4500 |
| 001 - CONTROL NUMBER | |
| control field | 83369 |
| 003 - CONTROL NUMBER IDENTIFIER | |
| rucl marc code | BD-RjUL |
| 005 - DATE AND TIME OF LATEST TRANSACTION | |
| control field | 20240314153339.0 |
| 008 - FIXED-LENGTH DATA ELEMENTS--GENERAL INFORMATION | |
| fixed length control field | 801219s1962 pk 000 0 urdrd |
| 035 ## - SYSTEM CONTROL NUMBER | |
| System control number | (BD-RjUL) 83369 |
| 040 ## - CATALOGING SOURCE | |
| Original cataloging agency | WAU |
| Language of cataloging | eng |
| Transcribing agency | WAU |
| Modifying agency | GZM |
| -- | OCLCG |
| -- | OCLCQ |
| 041 ## - LANGUAGE CODE | |
| Language code of text/sound track or separate title | urd |
| 082 ## - DEWEY DECIMAL CLASSIFICATION NUMBER | |
| Edition number | 23 |
| Classification number | 891.439 |
| Author mark and year | SII 1962 |
| 100 0# - MAIN ENTRY--PERSONAL NAME | |
| Personal name | ʻAbdulḥaq, |
| Dates associated with a name | 1869-1961. |
| 9 (RLIN) | 12364 |
| 245 10 - TITLE STATEMENT | |
| Title | .افکار عبدالحق / Afkār-i ʻAbdulḥaq / |
| Statement of responsibility, etc. | آمنه صدّىقى ;; Amina Sadaki. |
| 260 ## - PUBLICATION, DISTRIBUTION, ETC. (IMPRINT) | |
| Place of publication, distribution, etc. | Karachi [Pakistan] : |
| Name of publisher, distributor, etc. | Urdu Akademi Sindh, |
| Date of publication, distribution, etc. | [1962] |
| 300 ## - PHYSICAL DESCRIPTION | |
| Pagination | 344 pages ; |
| Size | 23 cm |
| 500 ## - GENERAL NOTE | |
| General note | In Urdu. |
| 650 #0 - SUBJECT ADDED ENTRY--TOPICAL TERM | |
| Topical term or geographic name as entry element | Urdu literature. |
| Topical term or geographic name as entry element | Urdu literature. |
| Source of heading or term | fast |
| 700 1# - ADDED ENTRY--PERSONAL NAME | |
| Personal name | Siddiqui, Amana, |
| Dates associated with a name | 1939- |
| 942 ## - ADDED ENTRY ELEMENTS (KOHA) | |
| Source of classification or shelving scheme | Dewey Decimal Classification |
| Koha item type | Books |
| Lost status | Source of classification or shelving scheme | Damaged status | Not for loan | Collection code | Permanent Location | Current Location | Shelving location | Date acquired | Source of acquisition | Cost, normal purchase price | Total Checkouts | Full call number | Date last seen | Copy number | Koha item type |
|---|---|---|---|---|---|---|---|---|---|---|---|---|---|---|---|
| Dewey Decimal Classification | Not For Loan | Non-fiction | Central Library, University of Rajshahi | Central Library, University of Rajshahi | Reading Room | 09/05/1969 | Sh. Mubarak Ali | 10.00 | U 891.439 SII 1962 | 14/03/2024 | C-1 | Books | |||
| Dewey Decimal Classification | Non-fiction | Central Library, University of Rajshahi | Central Library, University of Rajshahi | General Stacks | 09/05/1969 | Sh. Mubarak Ali | 10.00 | U 891.439 SII 1962 | 14/03/2024 | C-2 | Books |